| 000 | 00649nam a22002297a 4500 | ||
|---|---|---|---|
| 999 |
_c14526 _d14526 |
||
| 003 | MIRAKIL | ||
| 005 | 20210930124305.0 | ||
| 008 | 210930b tu ||||| |||| 00| 0 tur d | ||
| 040 |
_aTR-AnCHP _cTR-AnCHP |
||
| 041 | _aTur | ||
| 082 |
_a301 _bG98i 1979 |
||
| 100 | 1 | _aGüvenç, Bozkurt | |
| 245 | 1 | 0 |
_aİnsan ve kültür/ _cBozkurt Güvenç. |
| 250 | _a3 bs. | ||
| 260 |
_aİstanbul: _bRemzi Kitabevi, _c1979. |
||
| 300 |
_a411 s.: _bhrt.;fotg.;grf.; _c24 sm. |
||
| 490 | 0 |
_aBüyük Fikir Kitapları Dizisi; _v20. |
|
| 504 | _aKaynakça vardır. | ||
| 650 | 0 |
_96754 _aAntropoloji |
|
| 650 | 0 |
_96755 _aKültürel Antropoloji |
|
| 942 |
_2ddc _cBKS |
||